000 00699nam a2200241Ia 4500
005 20260121112055.0
008 3095 260114s9999 xx 000 0 eng d
020 _a9789811233630
037 _aEBOOK
040 _aCRL
_beng
_cCRL
041 _aeng
_2eng
084 _qCRL
100 _aFrancois Joseph Et Al
_9951813
245 0 _aPolicy Analysis and Modeling of the Global Economy: a Festschrift Celebrating Thomas Hertel
260 _bWorld Scientific
260 _bWSPC
260 _c2020
650 _aEconomics & Finance
_9951814
856 _uhttps://www.worldscientific.com/worldscibooks/10.1142/12192#t=toc
942 _cEBOOK
999 _c1540395
_d1540395